header

Understanding the discrete element method : (Record no. 56414)

MARC details
000 -LEADER
fixed length control field 01862nam a2200409 i 4500
001 - CONTROL NUMBER
control field ebr10901875
003 - CONTROL NUMBER IDENTIFIER
control field CaPaEBR
006 - FIXED-LENGTH DATA ELEMENTS--ADDITIONAL MATERIAL CHARACTERISTICS--GENERAL INFORMATION
fixed length control field m o d
007 - PHYSICAL DESCRIPTION FIXED FIELD--GENERAL INFORMATION
fixed length control field cr cn|||||||||
008 - FIXED-LENGTH DATA ELEMENTS--GENERAL INFORMATION
fixed length control field 140814t20142014enka ob 001 0 eng d
020 ## - INTERNATIONAL STANDARD BOOK NUMBER
Cancelled/invalid ISBN 9781118567203
International Standard Book Number 9781118567227 (e-book)
040 ## - CATALOGING SOURCE
Original cataloging agency CaPaEBR
Language of cataloging eng
Description conventions rda
-- pn
Transcribing agency CaPaEBR
035 ## - SYSTEM CONTROL NUMBER
System control number (OCoLC)889305901
050 14 - LIBRARY OF CONGRESS CALL NUMBER
Classification number TA357.5.G47
Item number .M388 2014eb
082 04 - DEWEY DECIMAL CLASSIFICATION NUMBER
Classification number 531/.163
Edition number 23
100 1# - MAIN ENTRY--PERSONAL NAME
Personal name Matuttis, Hans-Georg,
Relator term author.
245 10 - TITLE STATEMENT
Title Understanding the discrete element method :
Remainder of title simulation of non-spherical particles for granular and multi-body systems /
Statement of responsibility, etc Hans-Georg Matuttis, Jian Chen.
264 #1 - PRODUCTION, PUBLICATION, DISTRIBUTION, MANUFACTURE, AND COPYRIGHT NOTICE
Place of production, publication, distribution, manufacture Singapore :
Name of producer, publisher, distributor, manufacturer Wiley,
Date of production, publication, distribution, manufacture, or copyright notice 2014.
Date of production, publication, distribution, manufacture, or copyright notice �2014
300 ## - PHYSICAL DESCRIPTION
Extent 1 online resource (480 pages) :
Other physical details illustrations
336 ## - CONTENT TYPE
Content type term text
Source rdacontent
337 ## - MEDIA TYPE
Media type term computer
Source rdamedia
338 ## - CARRIER TYPE
Carrier type term online resource
Source rdacarrier
504 ## - BIBLIOGRAPHY, ETC. NOTE
Bibliography, etc Includes bibliographical references at the end of each chapters and index.
588 ## - SOURCE OF DESCRIPTION NOTE
Source of description note Description based on print verison record.
590 ## - LOCAL NOTE (RLIN)
Local note Electronic reproduction. Palo Alto, Calif. : ebrary, 2015. Available via World Wide Web. Access may be limited to ebrary affiliated libraries.
650 #0 - SUBJECT ADDED ENTRY--TOPICAL TERM
Topical term or geographic name as entry element Granular flow.
Topical term or geographic name as entry element Discrete element method.
Topical term or geographic name as entry element Multibody systems.
Topical term or geographic name as entry element Mechanics, Applied
General subdivision Computer simulation.
655 #0 - INDEX TERM--GENRE/FORM
Genre/form data or focus term Electronic books.
700 1# - ADDED ENTRY--PERSONAL NAME
Personal name Chen, J. F.
Fuller form of name (Jian-Fei),
Dates associated with a name 1963-
Relator term author.
776 08 - ADDITIONAL PHYSICAL FORM ENTRY
Display text Print version:
Main entry heading Matuttis, Hans-Georg.
Title Understanding the discrete element method : simulation of non-spherical particles for granular and multi-body systems.
Place, publisher, and date of publication Singapore : Wiley, c2014
Physical description xxii, 456 pages
International Standard Book Number 9781118567203
Record control number 2014005447
797 2# - LOCAL ADDED ENTRY--CORPORATE NAME (RLIN)
Corporate name or jurisdiction name as entry element ebrary.
856 40 - ELECTRONIC LOCATION AND ACCESS
Uniform Resource Identifier <a href="http://site.ebrary.com/lib/rucke/Doc?id=10901875">http://site.ebrary.com/lib/rucke/Doc?id=10901875</a>
Public note An electronic book accessible through the World Wide Web; click to view

No items available.

© 2026 Rongo University
Contact us: librarian | system librarian | Rongo university